01626 2200433 4500001002100000005001500021035002000036007000300056008004100059020002200100082001500122084001700137100003900154245028000193250003100473300004500504650002200549700003900571700003400610700003400644700003400678700003200712700004400744700004000788700003200828700003500860700002700895264003400922336002100956337003000977338002301007040002201030090002201052850001201074490004001086999002201126990002201148990002201170INLIS00000000089114020241119091155 a0010-1124000102ta241119s2024 yoia c 1 ind d a978-623-261-787-204223a028.55 a028.55 MER h0 aMerry Fridha Tri PalupiePengarang10aHak kesamaan anak /cMerry Fridha Tri Palupi, Agustin Mustika Chairil, Reziana Febrianita, Farikha Rachmawati, Latif Ahmad Fauzan, Kun Muhammad Adi, Nur'Annafi Farni Syam Maella; ilustrator, Maulana Hierro Marendra, Zainul Muttaqin, Laili Nurin Nabila; penyunting, Hanita Ayu aCetakan pertama: Juli 2024 a78 halaman :bilustrasi, gambar ;c17 cm 4aBacaan kanak-anak0 aAgustin Mustika ChairilePengarang0 aReziana FebrianitaePengarang0 aFarikha RachmawatiePengarang0 aLatif Ahmad FauzanePengarang0 aKun Muhammad AdiePengarang0 aNur'Annafi Farni Syam MaellaePengarang0 aMaulana Hierro MarendraeIlustrator0 aZainul MuttaqineIlustrator0 aLaili Nurin NabilaeIlustrator0 aHanita AyuePenyunting31aBantul :bSamudra Biru,c2024 2rdacontentateks 2rdamediaatanpa perantara 2rdacarrieravolume aYOPDYOGbinderda aCB-D.11 2024-3268 aYOPDYOG aSeri literasi digital anak japelidi aCB-D.11/2024-3268 aCB-D.11/2024-3268 aCB-D.11/2024-3268